| 000 | 01743aam a2200325 i 4500 | ||
|---|---|---|---|
| 001 | 768714001 | ||
| 003 | CO-MdFUSB | ||
| 005 | 20231026125354.0 | ||
| 007 | ta | ||
| 008 | 231018t20132018spa||||g |||| 00| 0 spa d | ||
| 020 | _a9788466383738 | ||
| 040 |
_aCO-MdFUSB _bspa _cCO-MdFUSB _dCO-MdFUSBC _erda |
||
| 041 |
_aspa _heng |
||
| 082 |
_223 _a823.914 _bL456 |
||
| 100 |
_aLe Carré, John, _eautor |
||
| 240 | _aA delicate truth | ||
| 245 | 4 |
_aUna verdad delicada _c/ John Le Carré ; traducido por Carlos Milla Soler |
|
| 264 | 1 |
_aBarcelona, España : _bPenguin Random House, _c[2018] |
|
| 264 | 4 | _c©2013 | |
| 300 |
_a359 páginas _c; 19 cm |
||
| 336 |
_2rdacontent _atexto _btxt |
||
| 337 |
_2rdamedia _asin mediación _bn |
||
| 338 |
_2rdacarrier _avolumen _bnc |
||
| 520 | _aSe está llevando a cabo una operación antiterrorista, cuyo nombre en clave es Wildlife, en la colonia británica de Gibraltar. Su propósito: capturar y secuestrar a un comprador de armas yihadista de alto valor. Sus autores: un ambicioso ministro de Asuntos Exteriores, un contratista privado de defensa que también es su amigo íntimo y un turbio agente estadounidense de la CIA de la extrema derecha evangélica. Tan delicada es la operación que ni siquiera el secretario privado personal del ministro, Toby Bell, está autorizado para ello. Cornualles, Reino Unido, 2011. Un soldado caído en desgracia de las Fuerzas Especiales entrega un mensaje de entre los muertos. ¿Fue la Operación Vida Silvestre el éxito que se dijo que era, o una tragedia humana que fue encubierta sin piedad? | ||
| 563 | _aRústico. | ||
| 653 | _a Ficción política | ||
| 700 |
_98726 _aMilla Soler, Carlos. _etraductor |
||
| 942 | _cBK | ||
| 945 | _asor1564 | ||
| 999 |
_c69179 _d69179 |
||